Uchchatar madhyamik shiksha (Record no. 8520)

MARC details
000 -LEADER
fixed length control field 00550cam a2200217ua 4500
008 - FIXED-LENGTH DATA ELEMENTS--GENERAL INFORMATION
fixed length control field 150930n ii |||gr||||Z||||||asm
040 ## - CATALOGING SOURCE
Transcribing agency MAIN
041 ## - LANGUAGE CODE
-- asm
082 ## - DEWEY DECIMAL CLASSIFICATION NUMBER
Classification number 370
100 ## - MAIN ENTRY--PERSONAL NAME
Personal name Das, Phunu,
Relator term
245 1# - TITLE STATEMENT
Title Uchchatar madhyamik shiksha
Statement of responsibility, etc. by Phunu Das
250 ## - EDITION STATEMENT
Edition statement 1st ed. /rep.
260 ## - PUBLICATION, DISTRIBUTION, ETC.
Place of publication, distribution, etc. Guwahati:
Name of publisher, distributor, etc. Shanti prakashan,
Date of publication, distribution, etc. 2010.
300 ## - PHYSICAL DESCRIPTION
Extent 184p.
700 ## - ADDED ENTRY--PERSONAL NAME
Personal name Jyotirani Borah,
Relator term
700 ## - ADDED ENTRY--PERSONAL NAME
Personal name Das, Dipul Kr.,
Relator term
942 ## - ADDED ENTRY ELEMENTS (KOHA)
Koha item type Books
653 ## - INDEX TERM--UNCONTROLLED
Uncontrolled term Education
653 ## - INDEX TERM--UNCONTROLLED
Uncontrolled term High secondary education
Holdings
Withdrawn status Lost status Damaged status Not for loan Home library Current library Date acquired Total Checkouts Full call number Barcode Date last seen Date last checked out Copy number Price effective from Koha item type
        Central Library, Naharkatiya College Central Library, Naharkatiya College 19/09/2020 7 370 | DAS 19432 04/11/2024 22/10/2024 1 19/09/2020 Books
        Central Library, Naharkatiya College Central Library, Naharkatiya College 19/09/2020 3 370 | DAS 19434 03/02/2023 08/03/2022 2 19/09/2020 Books
        Central Library, Naharkatiya College Central Library, Naharkatiya College 19/09/2020 5 370 | DAS 19436 06/10/2022 24/09/2022 3 19/09/2020 Books

Naharkatiya College © 2020. All rights reserved.

Powered By